[Event "Bixby 33rd"]
[Site "Bixby"]
[Date "2004.05.08"]
[Round "1"]
[White "Berry, Jim"]
[Black "Crumbliss, Lon"]
[Result "1-0"]
[WhiteElo "1960"]
[BlackElo "1480"]
[PlyCount "65"]
[EventDate "2004.05.08"]
[EventType "tourn (rapid)"]
[EventRounds "5"]
[EventCountry "USA"]
[EventCategory "1"]
[SourceTitle "EXT 2006"]
[Source "ChessBase"]
[SourceDate "2005.11.24"]
[SourceVersion "1"]
[SourceVersionDate "2005.11.24"]
[SourceQuality "1"]

1. d4 d5 2. c4 c6 3. Nc3 e6 4. Nf3 h6 5. Qc2 Nf6 6. a3 Bd6 7. e4 dxe4 8. Nxe4 0-0 9. Nxd6 Qxd6 10. Bd3 Re8 11. 0-0 c5 12. dxc5 Qxc5 13. b4 Qe7 14. Bb2 Nc6 15. Rfe1 a6 16. Rad1 b5 17. cxb5 axb5 18. Bxb5 Bb7 19. Bxc6 Rac8 20. b5 Rc7 21. Be5 Rcc8 22. a4 Nd5 23. Qb2 Bxc6 24. bxc6 f6 25. Bg3 Nb4 26. Bd6 Qa7 27. Qxb4 Rxc6 28. Nd4 Ra6 29. Nb5 Qb6 30. Bc5 Qc6 31. Rd6 Qb7 32. Rxa6 Qxa6 33. Nc7 1-0